000 00332nam a22001457a 4500
008 210226b ||||| |||| 00| 0 eng d
020 _a9780132824873
041 _aeng
080 _22nd
_a51
082 _a51
100 _a37
101 _aMAT
245 _aTeaching Student-Centered Mathematics
_cWalle, J.A.V
942 _2udc
_cBK
999 _c55260
_d55260